| 000 | 01059nas a2200349 4500 | ||
|---|---|---|---|
| 001 | BR2012000139 | ||
| 003 | BR-BrBNA | ||
| 005 | 20231205115924.0 | ||
| 007 | ta | ||
| 008 | 230509b bl.|||p| |||| 00| 00por d | ||
| 040 |
_aBR-BrBNA _bpor _cBiblioteca Nacional de Agricultura |
||
| 041 | _a(Pt) | ||
| 072 | _aL02 | ||
| 100 | 1 | _aVasconcellos, C.H.F. | |
| 100 | 1 | _aFontes, D.O. | |
| 100 | 1 | _aSilva, M.A. | |
| 100 | 1 | _aCorrêa, G.S.S. | |
| 100 | 1 | _aLara, L.J.C. | |
| 100 | 1 | _aVidal, T.Z.B. | |
| 100 | 1 | _aMachado, A.L.C. | |
| 100 | 1 | _aFernandes, I.S. | |
| 245 | 1 | _aTeores de glicina+serina total em dietas de baixa proteína bruta para de frangos de corte de 22 a 35 dias de idade | |
| 650 | _aFRANGO | ||
| 650 | _aPROTEÍNA | ||
| 650 | _aGANHO DE PESO | ||
| 650 | _aCARCAÇA | ||
| 650 | _aDIETA | ||
| 650 | _aAMINOÁCIDO | ||
| 773 | 0 |
_tArquivo Brasileiro de Medicina Veterinária e Zootecnia (Brazil) _xISSN 0102-0935 _g(Jun 2011), v. 63(3) p. 641-648 _wBR2012000139 |
|
| 909 |
_a202311 _bLúcia _c55 _dLúcia Elande |
||
| 942 |
_2AGRIS _n0 _cANA |
||
| 999 |
_c216313 _d216313 |
||